Acotaciones de un oyente / (Record no. 62525)
[ view plain ]
| 000 -LEADER | |
|---|---|
| campo de control de longitud fija | 01439nam a2200301 i 4500 |
| 001 - NÚMERO DE CONTROL | |
| campo de control | 62525 |
| 003 - IDENTIFICADOR DE NÚMERO DE CONTROL | |
| campo de control | ES-MaACL |
| 005 - FECHA Y HORA DE LA ÚLTIMA TRANSACCIÓN | |
| campo de control | 20250730155719.0 |
| 007 - CAMPO FIJO DE DESCRIPCIÓN FÍSICA--INFORMACIÓN GENERAL | |
| campo de control de longitud fija | t| |
| 008 - DATOS DE LONGITUD FIJA--INFORMACIÓN GENERAL | |
| campo de control de longitud fija | 031121s1962 sp |||| |dspa d |
| 100 1# - ENTRADA PRINCIPAL--NOMBRE DE PERSONA | |
| Nombre de persona | Fernández Flórez, Wenceslao, |
| Fechas asociadas al nombre | 1885-1964 |
| 9 (RLIN) | 49790 |
| 245 10 - MENCIÓN DEL TÍTULO | |
| Título | Acotaciones de un oyente / |
| Mención de responsabilidad, etc. | Wenceslao Fernández Flórez. |
| 260 ## - PUBLICACIÓN, DISTRIBUCIÓN, ETC. | |
| Lugar de publicación, distribución, etc. | Madrid : |
| Nombre del editor, distribuidor, etc. | Prensa Española, |
| Fecha de publicación, distribución, etc. | 1962. |
| 300 ## - DESCRIPCIÓN FÍSICA | |
| Extensión | 2 v. (733 ; 759 p.) ; |
| Dimensiones | 22 cm. |
| 490 1# - MENCIÓN DE SERIE | |
| Mención de serie | Los tres dados |
| 504 ## - NOTA DE BIBLIOGRAFÍA, ETC. | |
| Nota de bibliografía, etc. | Bibliografía: p. [663]-748 (v. 2) |
| 505 8# - NOTA DE CONTENIDO CON FORMATO | |
| Nota de contenido con formato | Contiene: 1. (1916-1921) Cortes de 1916: estudio preliminar / por Jesús Pabón . Anotaciones extraparlamentarias . Cortes de 1918: estudio preliminar . Cortes de 1919: estudio preliminar . Cortes de 1921: estudio preliminar / por Diego Sevilla Andrés - 2. (1931-1933) Cortes de 1931: estudio preliminar . Cortes de 1933: estudio preliminar / por Carlos Seco Serrano |
| 595 ## - | |
| -- | En colofón del v. 2: imp. en enero de 1963. |
| 651 #4 - PUNTO DE ACCESO ADICIONAL DE MATERIA--NOMBRE GEOGRÁFICO | |
| Nombre geográfico | España- |
| Subdivisión general | Historia- |
| Subdivisión cronológica | 1902-1931, Alfonso XIII |
| 9 (RLIN) | 8276 |
| 651 #4 - PUNTO DE ACCESO ADICIONAL DE MATERIA--NOMBRE GEOGRÁFICO | |
| Nombre geográfico | España- |
| Subdivisión general | Historia- |
| Subdivisión cronológica | 1931-1939, II República. |
| 9 (RLIN) | 8283 |
| 651 #0 - PUNTO DE ACCESO ADICIONAL DE MATERIA--NOMBRE GEOGRÁFICO | |
| Nombre geográfico | España- |
| Subdivisión general | Política y gobierno- |
| Subdivisión cronológica | 1902-1931 |
| 9 (RLIN) | 226938 |
| 700 1# - ENTRADA AGREGADA--NOMBRE PERSONAL | |
| Nombre de persona | Pabón y Suárez de Urbina, Jesús, |
| Fechas asociadas al nombre | 1902-1976 |
| 9 (RLIN) | 88103 |
| 700 1# - ENTRADA AGREGADA--NOMBRE PERSONAL | |
| Nombre de persona | Sevilla Andrés, Diego. |
| 9 (RLIN) | 105934 |
| 700 1# - ENTRADA AGREGADA--NOMBRE PERSONAL | |
| Nombre de persona | Seco Serrano, Carlos, |
| Fechas asociadas al nombre | 1923-2020 |
| 9 (RLIN) | 105054 |
| 830 1# - PUNTO DE ACCESO ADICIONAL DE SERIE-TÍTULO UNIFORME | |
| Título uniforme | Los tres dados |
| 9 (RLIN) | 181533 |
| 852 ## - LOCALIZACIÓN | |
| Ubicación | ES-MaACL |
| Número de control de estantería | E-4259-60 |
| Estatus retirado | Estado de pérdida | Estado de daño | No para préstamo | Biblioteca de origen | Biblioteca actual | Ubicación en estantería | Fecha de adquisición | Fuente de adquisición | Total de préstamos | Signatura topográfica completa | Código de barras | Visto por última vez | Precio de reemplazo | Tipo de ítem Koha |
|---|---|---|---|---|---|---|---|---|---|---|---|---|---|---|
| Biblioteca del Ateneo de Madrid | Biblioteca del Ateneo de Madrid | Depósito 2 | 17/01/2008 | E-4259-60 | 1065551 | 23/02/2023 | 23/02/2023 | Libro impreso |
